|
|
|
|
| LEADER |
00000nam0a2200000 4500 |
| 001 |
146416 |
| 005 |
20231101221225.0 |
| 035 |
|
|
|a (RuTPU)RU\TPU\book\158713
|
| 090 |
|
|
|a 146416
|
| 100 |
|
|
|a 20081029d2008 m y0rusy50 ca
|
| 101 |
0 |
|
|a rus
|
| 102 |
|
|
|a RU
|
| 105 |
|
|
|a a j 001zy
|
| 200 |
1 |
|
|a Основы алгоритмизации и языки программирования
|e учебное пособие
|f Т. Ю. Чернышева
|g Томский политехнический университет (ТПУ) ; Юргинский технологический институт (филиал)
|
| 210 |
|
|
|a Томск
|c Изд-во ТПУ
|d 2008
|
| 215 |
|
|
|a 115 с.
|c ил.
|
| 320 |
|
|
|a Список литературы: с. 114.
|
| 330 |
|
|
|a В учебном пособии рассматриваются основные понятия алгоритмизации. Представлены математические основы для формализации алгоритма задач; составления и записи алгоритма на языке программирования, типы используемых данных; базовые конструкции языка программирования. Рассмотрены ключевые положения структурированного программирования на примере языка программирования Турбо-Паскаль. Учебное пособие предназначено для студентов специальности 080801 (010502) «Прикладная информатика (в экономике)».
|
| 610 |
1 |
|
|a алгоритмизация
|
| 610 |
1 |
|
|a языки программирования
|
| 610 |
1 |
|
|a Паскаль
|
| 610 |
1 |
|
|a рекуррентные соотношения
|
| 610 |
1 |
|
|a формализация
|
| 610 |
1 |
|
|a математические основы
|
| 610 |
1 |
|
|a процедуры
|
| 610 |
1 |
|
|a функции
|
| 610 |
1 |
|
|a рекурсивные алгоритмы
|
| 610 |
1 |
|
|a тесты
|
| 610 |
1 |
|
|a учебные пособия
|
| 675 |
|
|
|a 681.3.068(075.8)
|v 3
|
| 675 |
|
|
|a 681.3.06:800.92(075.8)
|v 3
|
| 700 |
|
1 |
|a Чернышёва
|b Т. Ю.
|c специалист в области информатики и вычислительной техники
|c доцент Юргинского технологического института (филиала) Томского политехнического университета, кандидат технических наук
|f 1974-
|g Татьяна Юрьевна
|2 stltpush
|3 (RuTPU)RU\TPU\pers\25981
|9 11830
|
| 712 |
0 |
2 |
|a Томский политехнический университет (ТПУ)
|c (1991- )
|2 stltpush
|3 (RuTPU)RU\TPU\col\376
|
| 712 |
0 |
2 |
|a Юргинский технологический институт (филиал)
|2 stltpush
|3 (RuTPU)RU\TPU\col\5961
|
| 801 |
|
1 |
|a RU
|b 63413507
|c 20081029
|g PSBO
|
| 801 |
|
2 |
|a RU
|b 63413507
|c 20201124
|g PSBO
|
| 942 |
|
|
|c BK
|